=LDR 00000nam 2200000 4500 =001 INLIS000000000016818 =005 20130612112045 =008 ***********************************Ind** =035 ##$$0010-061300000016818 =041 ##$$a Ind =082 ##$$a 398.309 598 228 1 =090 ##$$a 398.309 598 228 1, Jar d =100 ##$$a Jaruki, M =245 ##$$a Dewi rantang sari, M. Jaruki, M. Dasuki =260 ##$$a 2002 $b Bandung =300 ##$$a v, 21 hlm, ilus, 29 cm =650 ##$$a Cerita Rakyat =850 ##$$a NBPNMAT =990 ##$$a 21601311/BPAP-NTB/2017